000 00448nam a22001337a 4500
005 20241211090439.0
008 240923b ||||| |||| 00| 0 eng d
100 _aSantos, Rhandy D.
_eauthor.
_961376
245 _aPagtatapos /
_cRhandy D. Santos.
260 _aPhilippines;
_bPublishers Association of the Philippines, Inc.,
_cMarch 2018.
300 _aVolume 66, pages 388-389.
700 _aSantos, Rhandy D.
_eauthor.
_961376
942 _2ddc
_cPER
999 _c21758
_d21758